ARLA Members Survey Report (Record no. 107944)
[ view plain ]
| 000 -LEADER | |
|---|---|
| fixed length control field | 01278cad a22002415a 4500 |
| 001 - CONTROL NUMBER | |
| control field | L142694 |
| 008 - FIXED-LENGTH DATA ELEMENTS--GENERAL INFORMATION | |
| fixed length control field | 080229s2007 xxk f s 000 0 eng u |
| 035 ## - SYSTEM CONTROL NUMBER | |
| System control number | (Sirsi) u142694 |
| 041 0# - LANGUAGE CODE | |
| Language code of text/sound track or separate title | eng |
| 050 04 - LIBRARY OF CONGRESS CALL NUMBER | |
| Classification number | 346.4104342 $2 18 |
| 110 ## - MAIN ENTRY--CORPORATE NAME | |
| Corporate name or jurisdiction name as entry element | Association of Residential Letting Agents |
| 9 (RLIN) | 3020 |
| 245 00 - TITLE STATEMENT | |
| Title | ARLA Members Survey Report |
| Remainder of title | Second Quarter 2005 |
| Medium | [electronic resource] |
| 260 ## - PUBLICATION, DISTRIBUTION, ETC. | |
| Place of publication, distribution, etc. | Warwick |
| Name of publisher, distributor, etc. | ARLA |
| Date of publication, distribution, etc. | 2008 |
| 490 #0 - SERIES STATEMENT | |
| Series statement | ARLA Members Survey Report |
| 520 ## - SUMMARY, ETC. | |
| Summary, etc. | Finds that demand for rented properties has continued to outstrip supply. 64% of respondents in prime central London report that there are more tenants than available property. This remains the case around the UK but the proportion has fallen slightly. The average capital asset value of rented houses has fallen by 1.3% over the previous three months. The value of rented flats fell by 1.1% over the same period. Average weighted rental returns fell to 4.8%. |
| 590 ## - LOCAL NOTE (RLIN) | |
| Local note | KA |
| 651 #4 - SUBJECT ADDED ENTRY--GEOGRAPHIC NAME | |
| Geographic name | United Kingdom |
| Chronological subdivision | |
| 690 ## - LOCAL SUBJECT ADDED ENTRY--TOPICAL TERM (OCLC, RLIN) | |
| Topical term or geographic name as entry element | PROPERTY-RESIDENTIAL PROPERTY-RESIDENTIAL PROPERTY MARKET |
| 700 1# - ADDED ENTRY--PERSONAL NAME | |
| Personal name | Carey Jones, O. M. |
| 710 ## - ADDED ENTRY--CORPORATE NAME | |
| Corporate name or jurisdiction name as entry element | ARLA Panel of Mortgage Lenders |
| 9 (RLIN) | 4776 |
| 856 40 - ELECTRONIC LOCATION AND ACCESS | |
| Uniform Resource Identifier | <a href="https://www.arla.co.uk/btl/arlaindices_q407.htm">https://www.arla.co.uk/btl/arlaindices_q407.htm</a> |
| Public note | View the survey report free of charge at www.arla.co.uk... |
| 942 ## - ADDED ENTRY ELEMENTS (KOHA) | |
| Suppress in OPAC | 0 |
| Withdrawn status | Lost status | Source of classification or shelving scheme | Damaged status | Not for loan | Home library | Current library | Shelving location | Date acquired | Total Checkouts | Full call number | Barcode | Date last seen | Copy number | Price effective from | Koha item type |
|---|---|---|---|---|---|---|---|---|---|---|---|---|---|---|---|
| Dewey Decimal Classification | Virtual | Virtual | Online | 29/02/2008 | ONLINE PUBLICATION | 142694-1001 | 06/08/2019 | 1 | 06/08/2019 | Book |